000 00650nam a2200217 a 4500
001 19737
003 CO-ViMGA
008 141112s2004 ck r 000 u spa d
020 _a9586440834
040 _aCO-ViMGA
_bspa
_cCO-ViMGA
082 0 4 _a301.243 A724a
100 1 _aArchila, Mauricio (et al)
_928580
245 1 0 _a25 años de luchas sociales en Colombia 1975 - 2000
260 _aBogotá :
_bCINEP,
_c2003
300 _a278 p.
590 _aForma de adquisición : Premio Mincultura
650 1 4 _aDEMOCRACIA - COLOMBIA
650 1 4 _aLUCHAS SOCIALES - COLOMBIA
_99583
650 1 4 _aMOVIMIENTOS SOCIALES - COLOMBIA
_928581
942 _2ddc
_cBK
999 _c28872
_d28872